• 首页
  • 本馆介绍
  • 公告通知
  • 最新文献
  • 馆藏检索
  • 电子资源
  • 读者导购
  • 参考咨询
  • 我的图书馆
  • 登录
  • 详细信息显示
  • 放入我的书架
  • 预约/预借图书
  • 作者相关作品
  • 分类相关作品
  • 丛书相关作品
  • 出版社相关作品

书目信息

  • 表格格式
  • 工作单格式
  • 卡片格式
书名: TOEFL (Test of English as a foreign language)
作者: Harriet N. Moreno, Edith H. Babin and Carole V. Cordes.
分册号:
分册名:
出版地: New York :
 
出版社: Arco Pub. Co
出版时间: c1978.
页数: 200 p. ;
开本: 26 cm. ;
丛书名:
中图分类号:
科图分类号:
其他分类号: H31
主题词:
电子资源:
000 00903cam 2200265 i 4500
001 E0755559601
005 20070728092257.70
008 770907s1978 nyu 000 0 eng
010    @a77013180 //r883
020    @a0668044500 (pbk.).
020    @a0668044462.
035    @aocm73311725
040    @aDLC@cDLC@dm.c.@dOXB
090    @aJ688.4/W127
090    @aH31
099    @dH31@ex148=2
100 1  @aMoreno, Harriet N.
245 10 @aTOEFL (Test of English as a foreign language) / @cHarriet N. Moreno, Edith H. Babin and Carole V. Cordes.
250    @aNew 2d ed.
260    @aNew York :@bArco Pub. Co.,@cc1978.
300    @a200 p. ;@c26 cm. ;@a& phonodisc (10 sides :@b8 in. ;@c33 1/3 rpm).
650  0 @aEnglish language@vTextbooks for foreign speakers.
650  0 @aEnglish language@vExaminations, questions, etc.
700 1  @aCordes, Carole V.
700 1  @aBabin, Edith H.
    
    TOEFL (Test of English as a foreign language) / / Harriet N. Moreno, Edith H. Babin and Carole V. Cordes.-New 2d ed.-New York : : Arco Pub. Co., , c1978.
    200 p. ; ; 26 cm. ; ; & phonodisc (10 sides : : 8 in. ; ; 33 1/3 rpm).
    
    
    ISBN 0668044500 (pbk.).
    
●
相关链接 在E读中查询图书 在五车中查询图书 在当当中查询图书 在豆瓣中查询图书


正题名:TOEFL (Test of English as a foreign language)     索取号:H31/x148=2         预约/预借

序号 登录号 条形码 馆藏地/架位号 状态 备注
1 0014435   300144350   密集书库/ [索取号:H31/x148=2] 在馆    
2 0014436   300144369   密集书库/ [索取号:H31/x148=2] 在馆    
3 101853   000067778   第四借阅区/ [索取号:H31/x148=2] 在馆    
4 101854   000067858   第四借阅区/ [索取号:H31/x148=2] 在馆    
5 101855   000067894   第四借阅区/ [索取号:H31/x148=2] 在馆    
6 101857   000067812   第二样本阅览室/ [索取号:H31/x148=2] 在馆    
唐山师范学院图书馆 欢迎您!
大连网信软件有限公司© 版权所有